| 000 | 00390cam a22001337a 4500 | ||
|---|---|---|---|
| 008 | 180718b1960 xxu||||| |||| 00| 0 eng d | ||
| 082 | _aK23x5452 M267 | ||
| 100 | _aMadras. Pay Commission | ||
| 245 | _aReport of the Madras Pay Commission, 1959-60 | ||
| 260 |
_aMadras _bThe author _c1960 |
||
| 300 | _a508+p. | ||
| 500 | _aChairman: K. Ramunni Menon | ||
| 700 | _aMenon, K. Ramunni(Chairman) | ||
| 999 |
_c489335 _d489335 |
||